00703nam a2200217Ii 45000010005000000030009000050080041000140400033000550410008000880820013000961000029001092450014001382640041001523000012001933360026002053370028002313380027002599400050002869990017003369520132003535356CO-ViMGA241108s9999||||xx |||||||||||||| ||und|| aCO-ViMGAbspaerdacCO-ViMGA0 aspa04a525 M4271 aKirtley F. Mather94940010aLa Tierra 1aMadrid, España : Seix Barral, 1966 avolumen atextbtxt2rdacontent aunmediatedbn2rdamedia avolumebnc2rdacarrier aidficha_siabuc: 5213. -- ficha_no_siabuc:5356 c44061d44061 001040708001aMEVIGERRbMEVIGERRcGENd2006-11-27o525 M427pECA4468r2024-11-26 09:17:04tEj.1w2024-11-26yBKz5213 | 7430